| 000 | 00636nam a22002297a 4500 | ||
|---|---|---|---|
| 001 | 00028906 | ||
| 005 | 20260425104609.0 | ||
| 008 | 260425b ag ||||| |||| 00| 0 spa d | ||
| 020 | _a8475836968 | ||
| 040 |
_aAR-CcCEOS _bspa _cAR-CcCEOS |
||
| 041 | _aspa | ||
| 080 | _a947.01:7 | ||
| 090 | _bMIL v.2 | ||
| 100 | 1 |
_aMilner-Gulland, R. R. _91131 |
|
| 245 |
_aRusia : _bDe los zares a los soviets : Volumen II / _cRobin Milner-Gulland |
||
| 264 |
_aBarcelona : _bFolio, _c1994. |
||
| 300 |
_a238 p. ; _c24x18 cm. |
||
| 490 | _vAtlas culturales del mundo | ||
| 650 | 0 |
_ahistoria _990 |
|
| 655 | 0 |
_aarte _9138 |
|
| 942 |
_2udc _cBK _n0 |
||
| 999 |
_c28957 _d28957 |
||